| 000 | 00445cam a2200181ua 4500 | ||
|---|---|---|---|
| 020 | _c3.75 | ||
| 041 |
_ahin _h |
||
| 082 |
_a891.54 _bACH/SO |
||
| 100 | _aAcharya Ramachandra , Shukla . | ||
| 245 |
_aSoordas / _cAcharya Ramachandra shukla. _hTextual Documents |
||
| 250 |
_a5 / _b. |
||
| 260 |
_aVaranasi : _bSaraswati Mandir , _c1961. |
||
| 300 | _a227 ; . | ||
| 365 | _a3.75 | ||
| 504 | _a | ||
| 942 | _cBK | ||
| 999 |
_c6420 _d6420 |
||